| 000 | 00868nam a22002897a 4500 | ||
|---|---|---|---|
| 003 | CHAP | ||
| 005 | 20220329135455.0 | ||
| 008 | 971013s1901 r 00010 d | ||
| 010 | _a37125 | ||
| 011 | _a38097 | ||
| 035 | _a42217 | ||
| 040 | _cCHAP | ||
| 082 |
_a634.81 _bH5 |
||
| 100 | 0 | 0 |
_aOrueta, Domingo de. _984151 |
| 245 | _aDatos realtivos a la Phylloxera vastatrix en la provincia de Málaga | ||
| 260 |
_aMéxico, D. F. (s.e.), _c1901 |
||
| 300 | _app. /73-146/ | ||
| 501 | _aEnc. con otros impresos similares | ||
| 590 |
_aBATCH-UPD _b10 _c20130110 _lUCH01 _h0342 |
||
| 590 |
_aBATCH-UPD _b10 _c20130110 _lUCH01 _h2142 |
||
| 590 |
_aCONVERSION _b10 _c20130109 _lUCH01 _h1321 |
||
| 650 | 1 | 4 |
_aPhylloxera vitifoliae. _987887 |
| 650 | 1 | 4 |
_aVid _xEnfermedades. _9119108 |
| 901 | _aBK | ||
| 942 | _cLIBRO | ||
| 949 |
_a634.81 H5 _bBC _cBPP _d-97246 _eBPP _i42217 _si |
||
| 999 |
_c37125 _d37125 |
||